000 00801nam a2200253Ia 4500
003 OSt
005 20221006152722.0
006 a|||||r|||| 00| 0
007 ta
008 221006b |||||||| |||| 00| 0 eng d
020 _cP60.00
024 _a29,393
037 _b319, 18/01/2005,
_cTextual
040 _aEASL
_cEASL
_beng
041 _2eng
_aeng
082 _aX.42Oj55.N9, P4
100 _aPASCHA Werner Ed.
_9647713
245 0 _aSystemic change in the Japanese and German economies
_b Convergence and differentiation as a dual challenge
260 _aLondon
_bRoutledge Curzon
_c2004
300 _a287p.
_ccm.
490 _v JEL
_aInstitute of Asian Affairs
942 _hX.42Oj55.N9, P4
_cTEXL
_2CC
999 _c1097479
_d1097479